<?xml version="1.0" encoding="UTF-8"?>
<collection xmlns="http://www.loc.gov/MARC21/slim">
 <record>
  <leader>02179nam a2200229Ia 4500</leader>
  <controlfield tag="001">CTU_149312</controlfield>
  <controlfield tag="008">210402s9999    xx            000 0 und d</controlfield>
  <datafield tag="020" ind1=" " ind2=" ">
   <subfield code="c">115000</subfield>
  </datafield>
  <datafield tag="082" ind1=" " ind2=" ">
   <subfield code="a">330.9597</subfield>
  </datafield>
  <datafield tag="082" ind1=" " ind2=" ">
   <subfield code="b">Â121</subfield>
  </datafield>
  <datafield tag="100" ind1=" " ind2=" ">
   <subfield code="a">Đinh, Văn Ân</subfield>
  </datafield>
  <datafield tag="245" ind1=" " ind2="0">
   <subfield code="a">Vượt thách thức, mở thời cơ phát triển bền vững</subfield>
  </datafield>
  <datafield tag="245" ind1=" " ind2="0">
   <subfield code="c">Chủ biên: Đinh Văn Ân, Hoàng Thu Hòa</subfield>
  </datafield>
  <datafield tag="260" ind1=" " ind2=" ">
   <subfield code="a">Hà Nội</subfield>
  </datafield>
  <datafield tag="260" ind1=" " ind2=" ">
   <subfield code="b">Tài chính</subfield>
  </datafield>
  <datafield tag="260" ind1=" " ind2=" ">
   <subfield code="c">2009</subfield>
  </datafield>
  <datafield tag="520" ind1=" " ind2=" ">
   <subfield code="a">Cuốn sách &quot; Vượt thách thức, mở thời cơ phát triển bền vững&quot; là sự tập hợp có lựa chọn các chuyên đề đã được biên soạn trong năm 2008 và đầu năm 2009 của trung tâm Thông tin - Tư liệu thuộc viện nghiên cứu Quản Lý Kinh Tế TW (CIEM) về những vấn đề thời sự vừa cấp bách vừa cơ bản lâu dài của sự nghiệp đổi mới phát triển đất nước. Phạm vị của các chuyên đề trong cuốn sách này bao gồm các vấn đề về kinh tế, xã hội, môi trường, và liên quan chặt chẽ với 3 loại vấn đề đó là vấn đề cải cách hành chính. Phần 1: Kiến thức và kinh nghiệm trên thế giới, đặc biệt là của một số nước tiêu bểu và một số nước có những đặc điểm gần với Việt Nam. Phần 2: Tình hình nước ta: Chủ trương của Đảng, chính sách và pháp luật của nhà nước, kết quả thực hiện: mặt được và chưa được - nguyên nhân, và các vấn đề cần giải quyết. Phần 3: Một số kiến nghị về chủ trương, chính sách và biện pháp cho những năm sắp tới.</subfield>
  </datafield>
  <datafield tag="650" ind1=" " ind2=" ">
   <subfield code="a">Economics,Kinh tế</subfield>
  </datafield>
  <datafield tag="650" ind1=" " ind2=" ">
   <subfield code="x">Research,Nghiên cứu</subfield>
  </datafield>
  <datafield tag="650" ind1=" " ind2=" ">
   <subfield code="z">Vietnam,Việt Nam</subfield>
  </datafield>
  <datafield tag="904" ind1=" " ind2=" ">
   <subfield code="i">Năm</subfield>
  </datafield>
  <datafield tag="980" ind1=" " ind2=" ">
   <subfield code="a">Trung tâm Học liệu Trường Đại học Cần Thơ</subfield>
  </datafield>
 </record>
</collection>
